000 00712nam a2200193 4500
008 161008b xxu||||| |||| 00| 0 eng d
020 _a0072845074
082 _22004
_aDC 658.5
_bC36o
100 _915886
_aChase, Richard B.
245 _aOperations management for competitive advantage/
_cRichard B. Chase, F. Robert Jacobs and Nicholas J. Aquilano.
250 _a10th edition
260 _aBoston:
_bMcGraw-Hill,
_cc2004.
300 _axvi, 765 pages:
_billustrations;
_c29 cm.
500 _aIncludes bibliographical references and index.
650 0 _915889
_aProduction management
700 _915890
_aJacobs, F. Robert
_eAuthor
700 _915891
_aAquilano, Nicholas J.
_eAuthor
942 _2ddc
_cDC
999 _c5094
_d5094